| 000 | 00946nam a2200265 4500 | ||
|---|---|---|---|
| 003 | EG-GICUC | ||
| 005 | 20260408134912.0 | ||
| 008 | 260408s1973 ne |||f |||| 00| 0 Fre d | ||
| 040 |
_a EG-GICUC _bfre _c EG-GICUC _d EG-GICUC _erda |
||
| 082 | 0 | 4 |
_a341 _bA B . C _221 |
| 092 | 0 | 4 | _221 |
| 099 | _aLaw1 11 341 A B . C 1973 | ||
| 100 | 1 |
_aAbdallah Ezzedine _eAuteur |
|
| 245 |
_aLa Convention De La Ligue Arabe Sur L'Exécution Des Jugements (Étude Comparative Du Droit Conventionnel Comparé Avec Le Droit Interne) : _nVolume I / _cPar Ezzedine Abdallah. |
||
| 264 |
_aLeyde: _bImprimé Aux Pays-Bas, _c1973. |
||
| 300 |
_a627 Pages; _c24 Cm. |
||
| 336 |
_2rda content _atext |
||
| 337 |
_2rda media _aComputer |
||
| 338 |
_2rda carrier _aOnline Resource |
||
| 546 | _aTexte en français | ||
| 650 | 1 | 4 | _aDroit international Public |
| 856 | 4 | 0 | _uhttps://fll.law.cu.edu.eg/fulltext/bks/B11-07895.pdf |
| 905 | _a64 | ||
| 942 |
_2ddc _cBK _e21 _n0 |
||
| 999 |
_c69731 _d69731 |
||